LEADER 01788nam a2200277 i 4500 001 000000364712 003 CaOOAMICUS 005 20251016101413.0 008 251016s2025 it a u100 u ita u 020 $a978-88-6809-463-8 040 $aSeMil$bita 111 2 $aConvegno storico internazionale$n<61. ;$d2024 ;$cTodi>.$0(OLS)http://semarc/name/122944 245 10$aNostra madre Terra :$bnatura, ambiente, fonti energetiche e materie prime nel Basso Medioevo : atti del 61. Convegno storico internazionale, Todi, 13-15 ottobre 2024. 264 1$aSpoleto :$bFondazione Centro italiano di studi sull'Alto Medioevo,$c2025. 300 $aXI, 327 p., XVIII p. di tav. :$bill. ;$c24 cm 490 1 $aAtti dei convegni del Centro italiano di studi sul Basso Medioevo - Accademia Tudertina. Nuova serie ;$v38 650 04$aAmbiente naturale - Storia - Medioevo.$0(OLS)http://semarc/subject/58583 650 4$aRisorse naturali - Storia - Medioevo.$0(OLS)http://semarc/subject/58711 710 2 $aCentro italiano di studi sul Basso Medioevo. Accademia Tudertina.$0(OLS)http://semarc/name/7292 830 0$aAtti dei convegni del Centro italiano di studi sul Basso Medioevo - Accademia Tudertina. Nuova serie ;$v38.$0(OLS)http://semarc/title/19062 850 $aSeMil 852 $aSeMil$W1$xVenegono$y1$m3TA E 38$j263331$B255564$CSeMilBibl$Z2$F255564 $81 996 $6020$a978-88-6809-463-8$9(OLS)http://semarc/number/304337 996 $6245$aNostra madre Terra :$bnatura, ambiente, fonti energetiche e materie prime nel Basso Medioevo : atti del 61. Convegno storico internazionale, Todi, 13-15 ottobre 2024$9(OLS)http://semarc/title/456172 996 $6264$aSpoleto :$bFondazione Centro italiano di studi sull'Alto Medioevo$9(OLS)http://semarc/publisher/33034 LEADER 02015nam a2200409 i 4500 001 000000166564 003 CaOOAMICUS 005 20161004000000.0 008 161004s1997 it u000 u ita u 013 $a143933 020 $a88-7750-471-4 040 $aSeMil$bita 100 1 $aCavallo, Melita.$0(OLS)http://semarc/name/62741 245 13$aLa famiglia difficile :$besperienze e proposte per affrontare le crisi domestiche /$ccontributi di Melita Cavallo ... [et al.] ; a cura di Giorgio Chiosso e Mario Tortello. 260 $aTorino :$bUTET Libreria,$c1997. 300 $aXIII, 231 p. ;$c21 cm. 490 0 $aStrumenti per le scienze della formazione 650 4$aFamiglia - Educazione.$0(OLS)http://semarc/subject/10676 650 4$aFamiglia - Problemi - Testimonianze.$0(OLS)http://semarc/subject/18443 650 4$aFamiglia - Italia - 1980-1996.$0(OLS)http://semarc/subject/31665 700 1 $aTortello, Mario.$0(OLS)http://semarc/name/4017 700 1 $aChiosso, Giorgio,$d<1945- >.$0(OLS)http://semarc/name/10433 774 0 $tQuando nasce una famiglia.$w()326817 774 0 $tFamiglia fragile.$w()326818 774 0 $tFamiglia distruttiva.$w()326819 774 0 $tFamiglia multietnica.$w()326820 774 0 $tFamiglia e la marginalità.$w()326821 774 0 $tFamiglia e il giudice minorile.$w()326822 774 0 $tFamiglia e la condizione anziana.$w()326823 774 0 $tFamiglie difficili: oltre la patologia.$w()326824 830 0$aStrumenti per le scienze della formazione.$0(OLS)http://semarc/title/45194 850 $aSeMil 852 $aSeMil$W1$xVenegono$y1$m2Q IV 27 -$j117727$B117727$CSeMilBibl$Z2$F213628 $81 961 $aOmaggio: Università Cattolica del Sacro Cuore 996 $6020$a88-7750-471-4$9(OLS)http://semarc/number/153090 996 $6245$aLa famiglia difficile :$besperienze e proposte per affrontare le crisi domestiche$9(OLS)http://semarc/title/238022 996 $6260$aTorino :$bUTET Libreria$9(OLS)http://semarc/publisher/32208